000 00560nam a22001937a 4500
003 NUST
005 20230125152206.0
008 190703b ||||| |||| 00| 0 eng d
038 _aMr. Zahoor
082 _a510
100 _aNaveed, Kinza
_916498
245 _aHilbert spaces and their role in the Approximation Property
_cKinza Naveed
260 _aIslamabad :
_bSNS - NUST,
_c2017.
300 _av, 40 p. : ill. ;
_c30cm.
500 _aHardcover.
650 _aMathematics - Ms Thesis
_916139
700 _aDr. Matloob Anwar
_916499
942 _2ddc
_cTHE
999 _c525587
_d525587